000 00924nam a22002177a 4500
008 081126t xxu||||| |||| 00| 0 eng d
010 _aENG-91868
020 _c298.00
035 _aEN-75401
037 _bDBAD / PUB
040 _adpl
_bEnglish
082 _a658.1511
100 _aWilson, M.
245 _aManagement accounting:
_cby M. Wilson
_b(for B.Com., BBA., BBM., M.Com. and MBA., of all universities of India and for C.A., ICWAI., CAIIB) /
260 _aNew Delhi
_bHimalaya Publishing House
_c2008
270 _aPooja Apartments, 4-B , Murari Lal Street, Ansari Road, Daryaganj,
_bNew Delhi
_e110002
300 _a460p.
_c25cm (pbk)
650 _aManagerial accounting.
942 _2ddc
_cEN
_mWIL
_h658.1511
999 _c19189
_d19189